Income distribution and high-quality growth

Guardado en:
Detalles Bibliográficos
Otros Autores: Tanzi, Vito, Chu, Ke-young
Formato: Libro
Lenguaje:inglés
Publicado: Cambridge The MIT Press 1998
Materias:
Etiquetas: Agregar Etiqueta
Sin Etiquetas, Sea el primero en etiquetar este registro!

MARC

LEADER 00000nam a2200000 4500
001 c116037
005 20221221082629.9
020 |a 0-262-20109-7 
041 0 |a eng 
044 |a US 
245 1 0 |a Income distribution and high-quality growth  |c edited by Vito Tanzi and Ke-young Chu 
264 1 |a Cambridge  |b The MIT Press  |c 1998 
300 |a 417 s. 
610 2 0 |a príjmy 
610 2 0 |a rozdeľovanie 
610 2 0 |a rast hospodársky 
610 2 0 |a rozvoj hospodársky 
610 2 0 |a krajiny vyspelé 
610 2 0 |a krajiny rozvojové 
610 2 0 |a politika fiškálna 
610 2 0 |a politika peňažná 
610 2 0 |a dôchodok národný 
610 2 0 |a politika svetová 
610 2 0 |a transformácia 
610 2 0 |a stabilizácia hospodárstva 
610 2 0 |a reformy štruktúrne 
700 1 |a Tanzi, Vito 
700 1 |a Chu, Ke-young